000 01359nam a22002897a 4500
003 OSt
005 20260120052725.0
008 260120b ||||| |||| 00| 0 eng d
040 _bEnglish.
_cCvSU-CCAT Campus Library.
_erda.
050 _aUM HD 62.7
_bT46 2023
100 _aTeodoro, Ma. Estrelitha S., author.
_918031
245 _aThe engagement of Business Management graduates of Cavite State University towards small-scale business.
_cMa. Estrelitha S. Teodoro, Paula May F. Miracap.
260 _aRosario, Cavite :
_bCavite State University-CCAT Campus,
_c2023.
300 _axi, 84 leaves :
_billustrations ;
_c28 cm
500 _aUndergraduate Thesis (BSBM) -- Cavite State University-CCAT Campus, 2023.
504 _aIncludes bibliographical references and appendices.
546 _aIn English text
650 _aBusiness Management graduates -- Philippines -- Cavite.
_918032
650 _aSmall business -- Philippines -- Cavite.
_918033
650 _aEntrepreneurship -- Philippines.
_918034
650 _aBusiness education -- Graduate outcomes -- Philippines.
_918035
700 _aMiracap, Paul May F., author.
_918036
700 _aManuel, Laarni R., adviser.
_918037
700 _aVilla, John Leo-vy P., technical critic.
_99055
942 _2lcc
_cT/M/D
_hHD 62.7 T46 2023
_kUM
999 _c4583
_d4583